Religion Quiz

Random Religion Quiz

12 Disciples Quiz Stats

 Plays Quiz not verified by Sporcle

Score 0/12 Timer 03:00
0 Plays Today
Name % Correct
John
95.3%
Peter
93.9%
Judas
90.5%
Matthew
89.9%
James
85.1%
James
85.1%
Simon
76.4%
Andrew
69.6%
Thomas
69.6%
Phillip
52.7%
Thaddeus
49.3%
Bartholemew
35.8%

You're not logged in!

Compare scores with friends on all Sporcle quizzes.
OR
Log In

Show Comments

Extras

Created Nov 6, 2010ReportNominate
Tags:disciple

Top Quizzes Today


Score Distribution

Your Account Isn't Verified!

In order to create a playlist on Sporcle, you need to verify the email address you used during registration. Go to your Sporcle Settings to finish the process.

Report this User

Report this user for behavior that violates our Community Guidelines.

Details: